000 00314nas a2200121Ia 4500
008 230918c99999999xx |||||||||||| ||und||
040 _aMAIN
041 _aEnglish
245 0 _aIETE Journal of Research
260 _bThe Institution of Electronics & Telecommunication Engineers
500 _aIndia
942 _cBV
999 _c234823
_d234823